[Event "Vaxjo op"]
[Site "Vaxjo"]
[Date "2016.02.19"]
[Round "1"]
[White "Henriksson, Johan"]
[Black "Hamilton, Olov"]
[Result "1-0"]
[WhiteElo "2252"]
[BlackElo "1831"]
[PlyCount "55"]
[EventDate "2016.02.19"]
[EventType "swiss"]
[EventRounds "8"]
[EventCountry "SWE"]
[SourceTitle "CBM 170 Extra"]
[Source "ChessBase"]
[SourceDate "2016.02.25"]
[SourceVersion "1"]
[SourceVersionDate "2016.02.25"]
[SourceQuality "1"]

1. d4 d5 2. Nf3 Nf6 3. c4 c6 4. Nc3 e6 5. g3 Be7 6. Bg2 0-0 7. 0-0 Nbd7 8. Qd3 dxc4 9. Qxc4 Nb6 10. Qb3 Nbd5 11. Rd1 Qb6 12. Qc2 Nxc3 13. bxc3 c5 14. Ne5 cxd4 15. cxd4 Bd7 16. Nxd7 Nxd7 17. Rb1 Rac8 18. Rxb6 Rxc2 19. Rxb7 Rfc8 20. Rxd7 Rxc1 21. Rxc1 Rxc1+ 22. Bf1 Bf6 23. Rxa7 h5 24. e3 Rd1 25. h4 e5 26. dxe5 Bxe5 27. Kg2 g6 28. Bc4 1-0